000 00591cam a22002053a 4500
001 38754
003 PGUSA
005 20140828083844.0
008 120203s2012||||xxu|||||s|||||000 | eng d
040 _aPGUSA
_beng
042 _adc
100 1 _aKant, Immanuel,
_d1724-1804
245 1 0 _aWas heißt :
_bsich im Denken orientieren?
_h[electronic resource] /
_cImmanuel Kant
260 _bProject Gutenberg,
_c2012
506 _aPublic domain in the USA.
516 _aElectronic text
830 0 _aProject Gutenberg
_v38754
856 4 0 _uhttp://www.gutenberg.org/ebooks/38754
942 _cEB
999 _c268008
_d268008